LEADER 00880nam a2200205 i 4500 001 000000211103 003 CaOOAMICUS 005 20120221000000.0 008 120221s1909 it u000 u mul u 013 $a189916 040 $aSeMil$bita 100 0 $aHomerus,$d.$0(OLS)http://semarc/name/1139 245 10$aChants 9., 10., 11. et 12. de l'Iliade /$cHomère. 300 $a1 v. (diverse sequenze). 650 4$aOmero - Opere - Traduzioni francesi.$0(OLS)http://semarc/subject/39645 773 0 $tAuteurs grecs expliqués d'après une méthode nouvelle par deux traductions française.$dParis : Hachette et C., 1843.$w()5715 850 $aSeMil 852 $aSeMil$W1$xVenegono$y1$m1X II 111 FA$j161546$B161546$CSeMilBibl$Z2$F172783 $8I 961 $aRecupero: Altro 996 $6245$aChants 9., 10., 11. et 12. de l'Iliade$9(OLS)http://semarc/title/304996 LEADER 01050nam a2200265 i 4500 001 000000083388 003 CaOOAMICUS 005 20181112151111.0 008 180830s1960 xx u000 u und u 013 $a55628 040 $aSeMil$bita 100 1 $aCianetti, Elvio.$0(OLS)http://semarc/name/39230 245 10$aProblemi attuali della produzione e del consumo /$cElvio Cianetti . 260 $aRoma :$bStudium,$c1960. 300 $a157 p. ;$c17 cm 490 0 $aUniversale Studium ;$v67 650 4$aEconomia.$0(OLS)http://semarc/subject/854 650 4$aEnergia.$0(OLS)http://semarc/subject/6998 650 4$aDiritto.$0(OLS)http://semarc/subject/1609 830 0$aUniversale Studium ;$v67.$0(OLS)http://semarc/title/6856 850 $aSeMil 852 $aSeMil$W1$xVenegono$y1$m1B I 204$j212329$B47983$CSeMilBibl$Z2$F50987 $81 996 $6245$aProblemi attuali della produzione e del consumo$9(OLS)http://semarc/title/130452 996 $6260$aRoma :$bStudium$9(OLS)http://semarc/publisher/29617